| 000 | 00955nam a22003137a 4500 | ||
|---|---|---|---|
| 001 | 4296650 | ||
| 003 | OSt | ||
| 005 | 20210420072038.0 | ||
| 008 | 860519s1986 nyu b 001 0 eng | ||
| 010 | _a 86013743 | ||
| 020 | _a0671475479 | ||
| 040 |
_aeng _cDLC _deng |
||
| 050 | 0 | 0 |
_aQP84.6 _b.C36 1986 |
| 080 |
_a15 _bC-18 |
||
| 082 | 0 | 0 |
_a612/.022 _219 |
| 100 | 1 |
_aCampbell, Jeremy, _d1931- |
|
| 245 | 1 | 0 |
_aWinston Churchill's afternoon nap : _ba wide-awake inquiry into the human nature of time / _cJeremy Campbell. |
| 260 |
_aNew York : _bSimon and Schuster, _cc1986. |
||
| 300 |
_a432 p. ; _c24 cm. |
||
| 365 | _b9.95 usd | ||
| 500 | _aIncludes index. | ||
| 504 | _aBibliography: p. 392-419. | ||
| 650 | 0 | _aBiological rhythms. | |
| 650 | 0 |
_aPsychology _9134 |
|
| 653 | _aფსიქოლოგია | ||
| 653 | _aბიოლოგიური რიტმი | ||
| 906 |
_a7 _bcbc _corignew _d1 _eocip _f19 _gy-gencatlg |
||
| 942 |
_2udc _cBK |
||
| 999 |
_c513 _d513 |
||